书目信息 |
| 题名: |
国际贸易
|
|
| 作者: | 陈洁民 , 于岚 主编 | |
| 分册: | ||
| 出版信息: | 北京 化学工业出版社 2008 |
|
| 页数: | 344页 | |
| 开本: | 26cm | |
| 丛书名: | ||
| 单 册: | ||
| 中图分类: | F74 | |
| 科图分类: | ||
| 主题词: | 国际贸易--高等学校--教材 | |
| 电子资源: | ||
| ISBN: | 978-7-122-02883-9 | |
| 000 | 00849nam0 2200241 45 | |
| 005 | 20100303110935.35 | |
| 010 | @a978-7-122-02883-9@dCNY38.00 | |
| 100 | @a20100120d2008 em y0chiy50 ea | |
| 101 | 0 | @achi |
| 102 | @aCN@b110000 | |
| 105 | @aak z 000yy | |
| 106 | @ar | |
| 200 | 1 | @a国际贸易@AGuo Ji Mao Yi@f陈洁民,于岚主编@FChen Jie Min, Yu Lan Zhu Bian |
| 210 | @a北京@c化学工业出版社@d2008 | |
| 215 | @a344页@c图@d26cm | |
| 300 | @a21世纪高等学校应用型规划教材 | |
| 330 | @a本书具有体系的完整性、理论的深刻性、知识的新颖性和生动可读性等特点。本书运用经济学的分析工具,对国际贸易的理论,政策进行分析,配有相关的专栏,资料和例题。 | |
| 606 | 0 | @a国际贸易@x高等学校@j教材 |
| 690 | @aF74@v4 | |
| 701 | 0 | @a陈洁民@AChen Jie Min@4主编 |
| 701 | 0 | @a于岚@AYu Lan@4主编 |
| 801 | 0 | @aCN@bTANGWEI@c20100303 |
| 905 | @b0584278-82@dF74@e106@f5 | |
| 国际贸易/陈洁民,于岚主编.-北京:化学工业出版社,2008 |
| 344页:图;26cm |
| 21世纪高等学校应用型规划教材 |
| ISBN 978-7-122-02883-9:CNY38.00 |
| 本书具有体系的完整性、理论的深刻性、知识的新颖性和生动可读性等特点。本书运用经济学的分析工具,对国际贸易的理论,政策进行分析,配有相关的专栏,资料和例题。 |
| ● |
| 相关链接 |
|
|
|
|
正题名:国际贸易
索取号:F74/106
 
预约/预借
| 序号 | 登录号 | 条形码 | 馆藏地/架位号 | 状态 | 备注 |
| 1 | 0584278 | 205842784 | 第一样本阅览室/ [索取号:F74/106] | 在馆 | |
| 2 | 0584279 | 205842793 | 密集书库-海洋学院/ [索取号:F74/106] | 在馆 | |
| 3 | 0584280 | 205842800 | 第一借阅区/ [索取号:F74/106] | 在馆 | |
| 4 | 0584281 | 205842819 | 第一借阅区/ [索取号:F74/106] | 在馆 | |
| 5 | 0584282 | 205842828 | 第一借阅区/ [索取号:F74/106] | 在馆 |